| 000 | 01363njm a22003017a 4500 | ||
|---|---|---|---|
| 005 | 20100913100512.0 | ||
| 007 | sd ammalaaahaa | ||
| 008 | 100913t xxu||||| |||| 00| 0 hin d | ||
| 028 |
_a3AECX5049 _bAngel Records |
||
| 035 | _aGR-02045 | ||
| 040 | _aSED/VEN | ||
| 100 |
_91184 _aNoorjahan |
||
| 245 |
_aAnmol ghadi : _cby Noorjahan _h[sound recording] : _bHindustani / |
||
| 246 | _aअनमोल घडी (नूरजहाँ ) | ||
| 260 |
_aDum Dum India _bAngel Records _c1970 |
||
| 300 |
_a1 sound disc [Gramophone record] : _banalog, 33 1/3 rpm _c12 in. _fGramophone Record |
||
| 500 | _aBrief Record | ||
| 500 | _aAngel Records | ||
| 500 | _aBlack | ||
| 505 | _aAa ja meri barbad muhabbat part 1 (anmol ghadi) (Noorjahan) आ जा मेरी बर्बाद मुहब्बत पार्ट १(अनमोल घडी ) (नूरजहाँ ) Baithi hoon teri yad ka part 2 (Anmol ghadi) (Noorjahan) बैठी हूँ तेरी यद् का पार्ट २ (अनमोल घडी ) (नूरजहाँ ) | ||
| 650 |
_aClassical Music _xExcerpts _zIndia _919603 _vFilmi song |
||
| 700 |
_919604 _aKalyanji Anandji |
||
| 700 |
_919605 _aMalik, Varma |
||
| 700 | _919610 | ||
| 700 | _919773 | ||
| 942 |
_2ddc _cGR |
||
| 999 |
_c45470 _d45470 |
||